Jewish symbols in the Greco-Roman period /

Saved in:

Main Author: Goodenough, Erwin Ramsdell, 1893-1965 (Author)

Format: Book

Language: English

Published: [New York] : Pantheon Books, [1953].

Series: Bollingen series ; 37.

Subjects:

Tags: Add Tag

No Tags, Be the first to tag this record!

Call Number: DS111 .G65 v.1-3

LEADER 01051namaa2200301 4500
001 12879
003 OSt
005 20260505124543.0
008 130303s1953 nyua b 000 0 eng d
010 |a 52010031 
040 |c ARCE Library 
043 |a a-sy--- 
050 4 |a DS111 .G65 v.1-3 
100 1 |a Goodenough, Erwin Ramsdell,  |d 1893-1965,  |e author  |9 30919 
245 1 0 |a Jewish symbols in the Greco-Roman period /   |c Erwin R. Goodenough. 
264 1 |a [New York] :   |b Pantheon Books,   |c [1953]. 
300 |a 3 volumes :   |b illustrations ;   |c 31 cm. 
490 1 |a Bollingen series ;   |v 37. 
504 |a Includes bibliographical footnotes. 
505 1 |a v. 1. The archeological evidence from Palestine -- v. 2. The archeological evidence from the Diaspora -- v. 3. Illustrations. 
610 2 0 |a Dura, Syria.  |b Synagogue.  |9 21910 
650 0 |a Jewish art and symbolism. 
650 0 |a Jews  |x Antiquities. 
650 0 |a Jews  |x Civilization  |x Greek influences. 
830 0 |a Bollingen series ;   |v 37. 
901 |a reviewed 
942 |c BK  |2 lcc 
999 |c 11445  |d 11445